| 000 | 00363nam a22001577a 4500 | ||
|---|---|---|---|
| 020 | _a81-264-0102-8 | ||
| 082 |
_a894.812.3 _bNAR/K |
||
| 100 | _aP NARENDRANATH | ||
| 245 | _aKUNJIKOONAN | ||
| 250 | _aFIRST | ||
| 260 |
_bMAMBAZHAM _c2016 |
||
| 300 | _a79 | ||
| 520 | _aCHILDHOOD STORIES OF KUNJIKOONAN | ||
| 650 |
_a SHORT STORY MALAYALAM _zKERALA |
||
| 942 | _cBK | ||
| 999 |
_c1123 _d1123 |
||